000 nam a22 7a 4500
999 _c30338
_d30338
008 190516b xxu||||| |||| 00| 0 eng d
040 _amksu
050 _aRA 644
_b.A25 1999
245 _aResistances to behavioural change to reduce HIV/AIDS infection in predominantly heterosexual epidemics in third world countries /
_cHealth Transition Centre.
260 _aAustralia :
_bThe Australian National Univetrsity,
_c1999.
300 _aiv,256p. :
_bill. ;
_c25cm.
504 _ainclude bibliographic references at the end of each chapter.
650 _aSafe sex in AIDS prevention.
650 _aAIDS (Disease)
_vEpidemiology.
650 _aAIDS (Disease)
_vPrevention.
650 _aAIDS (Disease)
_vPsychological aspects.
942 _2lcc
_cBOOKS
_hRA 644 .A25 1999